| 000 | 00507nam a2200157Ia 4500 | ||
|---|---|---|---|
| 008 | 130821s2012 ck gr spa | ||
| 020 | _a9789586539852 | ||
| 040 |
_cnuevo _dAldemar Mondragón (modificó) _bspa |
||
| 041 | 0 | 0 | _aspa |
| 245 | 0 | 0 |
_aDel ejercicio de la abogacía _cLegis Editores |
| 260 |
_aBogotá (Colombia) _bLegis Editores _c2012 |
||
| 300 | _a40 páginas | ||
| 500 | _aIncluye índice. | ||
| 710 | 2 |
_aLegis Editores _928092 |
|
| 942 |
_cLIBRO _a8 _e1 _mE366d _2DEWEY _h340.023 |
||
| 999 |
_c40550 _d40550 |
||